Aké sú povinnosti fyzických osôb po skončení roka 1995 v súvislosti so zdanením dosiahnutých príjmov?

Daňové povinnosti fyzických osôb v súvislosti so zdanením. Stanovenie základu dane. Podávanie daňového priznania. Výpočet daňovej povinnosti fyzických osôb za rok 1995.

Uložené v:
Podrobná bibliografia
Hlavný autor: Piršelová, Dagmar
Médium: Kapitola
Jazyk:Slovak
Predmet:
Tagy: Pridať tag
Žiadne tagy, Buďte prvý, kto otaguje tento záznam!

MARC

LEADER 00000naa a2200000 4500
001 r020331
005 20230912103209.6
041 0 |a slo 
044 |a SK 
245 1 0 |a Aké sú povinnosti fyzických osôb po skončení roka 1995 v súvislosti so zdanením dosiahnutých príjmov?  |c Dagmar Piršelová 
520 |a Daňové povinnosti fyzických osôb v súvislosti so zdanením. Stanovenie základu dane. Podávanie daňového priznania. Výpočet daňovej povinnosti fyzických osôb za rok 1995. 
610 2 0 |a dane z príjmov 
610 2 0 |a osoby fyzické 
610 2 0 |a daňovníci 
610 2 0 |a priznania daňové 
610 2 0 |a 1995 
100 1 |a Piršelová, Dagmar